000 00632nam a2200205 a 4500
003 AM-YEHGA
005 20260123115049.0
008 130206s2011 ai |||||||||||||||1|arm|d
020 _a978-9939-53-955-3
040 _aAM-YEHGA
041 0 _aarm
100 1 _aԳևորգյան, Սուրեն
_93251
245 1 0 _aԱրջը :
_bՎիպակ /
_cՍ. Գևորգյան ; Խմբ.՝ Ա. Ղազինյան.
260 _aԵրևան :
_bՀեղ․ հրատ.,
_c2011.
300 _a208 էջ ;
_c20 սմ.
650 1 4 _aՀայ արձակ
700 1 _aՂազինյան, Արմենակ,
_d1941-
_eԽմբ.
_4edt
942 _2udc
_cBK
001 842512
999 _c530055
_d530055